01661nam a2200325 i 4500001001000000003000900010005001700019007000300036008004100039020001800080040003000098041000800128082001900136100004400155245012000199264005200319300005400371336002700425337003300452338002800485500002100513590002600534910000700560942001400567952012300581952012900704952024000833952024501073999001701318000044237DO-SdBNP20260518150852.0ta140610s2010 dr 001 0 spa d a9789945454277 aDO-SdBNPbspacBNPHUerda hspa 4axxxbA989s2221 aAyuso, Juan José,eautor4aut.91433213aEl sargento douglas lucas :brevolución constitucionalista y guerra patria de abril de 1965 /cJuan José Ayuso. 1aSanto Domingo, D.N. :bEditora Manatí,c2010. a253 páginas :bilustraciones retratos ;c24 cm. atextobtxt2rdacontent asin mediaciónbn2rdamedia avolumenbnc2rdacarrier aIncluye índice aInventariado, 2025/DG aDG 2ddccLBS1 00102ddc51708PDaBNPHUbBNPHUcCTd2014-06-10l0o BNPHU PD p44237-10r2020-06-25w2020-06-25yLBS1ZNo se presta 00102ddc51708PDaBNPHUbBNPHUcCTd2014-06-10l0o BNPHU PD p44237-20r2020-06-25te. 2w2020-06-25yLBS1ZNo se presta 00102ddc56708DSaBNPHUbBNPHUcCTd2025-02-05eDonado por la Presidencia de la República Dominicana 2023.l0oBNPHU DS A989sp2025-0755r2025-02-05te.3w2025-02-05yLBS1zPertenecio a la biblioteca de René Rodríguez Soriano. 00102ddc56708DSaBNPHUbBNPHUcCTd2026-01-29eDonado por la Presidencia de la República Dominicana 2023.l0oBNPHU DS A989sp2026-0417r2026-01-29te.4w2026-01-29yLBS1zPertenecio a la biblioteca personal de Emilio Cordero Michel. c43726d43726